000 00697nam a2200217 i 4500
001 139726
003 ES-MaACL
005 20230906195903.0
007 t|
008 070214s1965 sp r ||||1| cat d
100 1 _aSchillebeekx, Edward.
_9187142
245 1 0 _aJesucrist, sagrament entre Déu i l'home /
_cE. H. Schillebeekx ; traducció de Pere Llorens.
260 _aBarcelona :
_bEd. 62,
_c1965.
300 _a187 p. ;
_c20 cm.
490 1 _aBiblioteca de Pensamient Cristiá ;
_v3
650 0 4 _aSacramentos.
_916963
700 1 _aLlorens, Pere.
_972881
830 0 _aBiblioteca de Pensamient Cristiá ;
_v3
_9220263
852 _aES-MaACL
_jC-28818
_bR.58436
999 _c139726
_d139726